Ansiolíticos - Estadísticas

Estadísticas generales
  • Esta prueba ha sido intentada 10 veces
  • La puntuación promedio es 3 de 10
Estadísticas de respuestas
Respuesta % Correcto
Diazepam
90%
Alprazolam
60%
Lorazepam
60%
Bromazepam
30%
Clonazepam
30%
Clorazepato
20%
Gabapentina
10%
Clordiacepoxido
0%
Distraneurine
0%
Quetiapina
0%
No se encontraron pruebas coincidentes
Distribución de puntuación
Porcentaje de gente con cada puntuación
Porcentaje por número respondido
Historial de tus puntuaciones
No has intentado esta prueba.